| 000 | 00658nam a22001937a 4500 | ||
|---|---|---|---|
| 003 | OSt | ||
| 005 | 20140310182337.0 | ||
| 008 | 130925t xxu||||| |||| 00| 0 eng d | ||
| 020 | _a9780199139439 | ||
| 050 |
_aQA 37.2 _b.Ap649 2010 |
||
| 100 |
_aAppleton, Marguerite _91341 |
||
| 245 |
_aOxford GCSE maths for Edexcel : _bspecification B - higher- modular / _cMarguerite Appleton, [et al.]. |
||
| 260 |
_aOxford : _bOxford University Press, _cc2010. |
||
| 300 |
_a456 p. : _bill. col. ; _c25 cm. |
||
| 500 | _aIncludes index | ||
| 651 |
_aMathematics _xStudy and teaching (Secondary) _xGreat Britain _921604 |
||
| 942 |
_2lcc _cBK-TR |
||
| 999 |
_c12073 _d12073 |
||